| 000 | 02283nam0a2200385 4500 | ||
|---|---|---|---|
| 001 | RU\NLR\BIBL_A\011639980 | ||
| 005 | 20210315170447.0 | ||
| 010 |
_a978-5-9293-1990-7 _9500 |
||
| 021 |
_aRU _bКН-П-18-004646 _9КН-П-18-0320 |
||
| 035 | _a(NLR Aleph) 011639980 | ||
| 035 | _a(RuMoRGB)009526573 | ||
| 090 |
_a11074593 _c11074593 |
||
| 100 | _a20180221d2017 k y0rusy50 ca | ||
| 101 | 1 |
_arus _abua _cmon |
|
| 102 | _aRU | ||
| 105 | _ay z 000zy | ||
| 200 | 1 |
_aБурятская версия "Субхашиты" _eисследование, перевод памятника со старописьменного монгольского языка на русский язык, комментарии к русскому переводу, глоссарий С. Г. Атсанавонг _e[монография] _fС. Г. Атсанавонг _gМинистерство образования и науки Российской Федерации, Федеральное государственное бюджетное образовательное учреждение высшего образования "Забайкальский государственный университет" |
|
| 210 |
_aЧита _cЗабайкальский государственный университет _d2017 |
||
| 215 |
_a202 с. _d30 |
||
| 300 | _aЧасть текста бурят. | ||
| 320 | _aБиблиогр.: с. 69-71 (42 назв.) | ||
| 500 | 1 | 0 |
_aЭрдэнийн сан субашид _92635625 _3RU\NLR\AUTH\5504637 |
| 500 | 1 | 0 |
_aСубхашита _n13 в. |
| 605 |
_a"Эрдэниин сан субашид" _lлитературный памятник _xПереводы на бурятский язык _z13 в. _92188460 _3RU\NLR\AUTH\6601551617 |
||
| 610 | 0 | _aбурятская письменная культура | |
| 686 |
_aШ5(5Мо)4-332.94,0 _2rubbk |
||
| 686 | 1 | _aШ5(0)964-332 | |
| 700 | 1 |
_aАтсанавонг _bС. Г. _gСаяна Григорьевна |
|
| 702 | 1 |
_6z99500 _7ca _8rus _aСакья-пандита _f1182-1251 _995459 _3RU\NLR\AUTH\77112534 |
|
| 942 | _cBOOK | ||
| 980 | _aNBR | ||
| 980 | _aNB | ||